000
00215nam a2200097Ia 4500
008
120527s9999 xx 000 0 und d
100
_a
NUC
245
_a
Nigerian Universities Networks.
260
_b
NUC
942
_c
BK
999
_c
21233
_d
21233